Agropotravinárstvo ako nástroj rozvoja regiónu na príklade mliekarenského priemyslu diplomová práca

Guardado en:
Detalles Bibliográficos
Autor principal: Síbert, Adam
Autor Corporativo: Národohospodárska fakulta EU. Katedra verejnej správy a regionálneho rozvoja
Otros Autores: Vlčková, Viera
Formato: Libro
Lenguaje:eslovaco
Publicado: Bratislava 2014
Etiquetas: Agregar Etiqueta
Sin Etiquetas, Sea el primero en etiquetar este registro!

MARC

LEADER 00000nbm a2200000 4500
001 0187403
005 20170201085744.4
041 0 |a slo 
044 |a SK 
245 1 0 |a Agropotravinárstvo ako nástroj rozvoja regiónu na príklade mliekarenského priemyslu  |b diplomová práca  |c Adam Síbert ; školiteľ: Viera Vlčková 
264 1 |a Bratislava  |c 2014 
300 |a 74 s. 
100 1 |a Síbert, Adam 
700 1 |a Vlčková, Viera 
710 2 |a Národohospodárska fakulta EU. Katedra verejnej správy a regionálneho rozvoja